000 00582nam a2200193Ia 4500
005 20250508165820.0
008 008 250505s9999 xx 000 0 eng d
037 _aDissertations
040 _aFEDL
_beng
_cFEDL
041 _aeng
_2eng
084 _a371.9, WAD/DI
_qFEDL
100 _aWadhwa Neha
_9782051
245 0 _aLife trajectory of children with disability in an inclusive educational setting
260 _c2017
300 _avii, 153p.
546 _aM.Ed. Dissertation, (Delhi University)
942 _cDIS
_h371.9, WAD/DI
999 _c1397630
_d1397630